[Event "2. BUNDESLIGA MITTE 2017/2018"]
[Site "St. Valentin, Pinggau/Villach/Taufkirchen, Fuerstenfeld, St. Veit"]
[Date "2018.04.06"]
[Round "10"]
[Board "5"]
[White "Titz, Heimo"]
[Black "Wanderer, Thomas"]
[Result "0-1"]
[WhiteElo "2137"]
[BlackElo "2213"]
[PlyCount "102"]
[EventDate "2017.10.27"]
[EventType "team"]
[EventRounds "11"]
[EventCountry "AUT"]
[WhiteTeam "SC DieKlagenfurter"]
[BlackTeam "RbEj Gleisdorf"]

1. c4 c5 2. Nf3 Nf6 3. Nc3 Nc6 4. g3 d5 5. cxd5 Nxd5 6. Bg2 Nc7 7. O-O e5 8. a3
f6 9. d3 Be6 10. Be3 Qd7 11. Rc1 Rc8 12. Nd2 b6 13. a4 Bh3 14. Nc4 h5 15. f3
Bxg2 16. Kxg2 h4 17. g4 h3+ 18. Kh1 Nd5 19. Nxd5 Qxd5 20. Rg1 g6 21. Rg3 Rc7
22. Qb3 f5 23. gxf5 gxf5 24. Bf2 Rg7 25. Rcg1 Rhg8 26. Nd2 Qd7 27. Qxg8 Rxg8
28. Rxg8 Ne7 29. Rh8 Qxa4 30. Bh4 Qc2 31. Bxe7 Kxe7 32. Rh7+ Ke8 33. Nc4 Qxe2
34. Rxh3 b5 35. Na5 Qxd3 36. Nc6 Qd5 37. Nxa7 Qb7 38. Ra1 e4 39. Kg2 Qg7+ 40.
Kf1 Qxb2 41. Re1 Qa3 42. Nxb5 Qd3+ 43. Kf2 Qd2+ 44. Kf1 e3 45. Re2 Qd1+ 46. Re1
Qd3+ 47. Re2 Qxb5 48. f4 Qb1+ 49. Re1 Qd3+ 50. Re2 Qd1+ 51. Re1 e2+  0-1

[Event "2. BUNDESLIGA MITTE 2017/2018"]
[Site "St. Valentin, Pinggau/Villach/Taufkirchen, Fuerstenfeld, St. Veit"]
[Date "2018.04.06"]
[Round "10"]
[Board "6"]
[White "Ofner, Maximilian"]
[Black "Jakits, Leopold"]
[Result "0-1"]
[WhiteElo "2186"]
[BlackElo "2128"]
[PlyCount "106"]
[EventDate "2017.10.27"]
[EventType "team"]
[EventRounds "11"]
[EventCountry "AUT"]
[WhiteTeam "RbEj Gleisdorf"]
[BlackTeam "SC DieKlagenfurter"]

1. e4 c5 2. Nf3 g6 3. c4 Nc6 4. d4 cxd4 5. Nxd4 Nf6 6. Nc3 d6 7. Be2 Nxd4 8.
Qxd4 Bg7 9. Be3 O-O 10. Qd2 a5 11. f3 a4 12. Kf2 Qa5 13. Rac1 Be6 14. Nd5 Bxd5
15. Qxa5 Rxa5 16. cxd5 e6 17. Bd2 Raa8 18. Bb4 exd5 19. Bxd6 Rfd8 20. Be7 Rd7
21. Bxf6 Bxf6 22. Rhd1 Bxb2 23. Rc2 Be5 24. Rxd5 Rxd5 25. exd5 h5 26. Rd2 Bd6
27. g3 Ra5 28. f4 Kf8 29. Ke3 Rc5 30. Rb2 Rxd5 31. Rxb7 Bc5+ 32. Ke4 Rd2 33.
Bb5 a3 34. Rc7 Bb6 35. Rb7 Bg1 36. Ke5 Rxa2 37. Rxf7+ Kxf7 38. Bc4+ Kg7 39.
Bxa2 Bxh2 40. f5 Bxg3+ 41. Ke4 g5 42. Kf3 Bc7 43. Bd5 Kf6 44. Ke4 g4 45. Be6
Bb8 46. Ke3 Ke5 47. Kf2 h4 48. Kg2 Bd6 49. Kh1 Be7 50. Kh2 Kd4 51. Kg2 Kc3 52.
f6 Bxf6 53. Bxg4 a2  0-1

[Event "2. BUNDESLIGA MITTE 2017/2018"]
[Site "St. Valentin, Pinggau/Villach/Taufkirchen, Fuerstenfeld, St. Veit"]
[Date "2018.04.06"]
[Round "10"]
[Board "1"]
[White "Enoeckl, Philipp"]
[Black "Milanovic, Danilo"]
[Result "1/2-1/2"]
[WhiteElo "2298"]
[BlackElo "2488"]
[PlyCount "145"]
[EventDate "2017.10.27"]
[EventType "team"]
[EventRounds "11"]
[EventCountry "AUT"]
[WhiteTeam "SV Steyregg"]
[BlackTeam "SPG Sparkasse Pinggau-Friedberg"]

1. d4 Nf6 2. Bg5 c5 3. d5 d6 4. Nc3 g6 5. e4 Bg7 6. Qd2 Qb6 7. f3 O-O 8. O-O-O
Re8 9. Bh6 Bh8 10. h4 e6 11. h5 exd5 12. hxg6 fxg6 13. exd5 Nbd7 14. Nh3 Ne5
15. Ng5 Bd7 16. Kb1 Re7 17. Ne6 Nf7 18. b3 Nxh6 19. Rxh6 Qb4 20. Ne4 Qxd2 21.
Rxd2 Nxe4 22. fxe4 Be5 23. Rh3 b5 24. Rf2 a6 25. Rhf3 Bxe6 26. dxe6 Rxe6 27. c3
Bg7 28. a4 Rxe4 29. axb5 axb5 30. Bxb5 Re1+ 31. Kc2 Ra2+ 32. Kd3 Rxf2 33. Rxf2
Be5 34. Bc4+ Kg7 35. b4 cxb4 36. cxb4 Rb1 37. b5 d5 38. Bxd5 Rxb5 39. Rf7+ Kh6
40. Ke4 Bg7 41. Rb7 Ra5 42. Bg8 Ra8 43. Bd5 Rf8 44. Rf7 Rd8 45. Bc6 Rd2 46. Ke3
Rd6 47. Be4 Bf6 48. Kf3 Be5 49. Ke2 Rd4 50. Ke3 Ra4 51. Rd7 Bf6 52. Kf3 Ra3+
53. Rd3 Ra7 54. Rb3 Bg5 55. Kg4 Ra5 56. Rd3 Re5 57. Kf3 Be7 58. Rd5 Re6 59. Rd7
Kg5 60. Bd5 Re1 61. Be4 Kf6 62. Rc7 Ke6 63. Bd3 Re5 64. Be4 Ra5 65. Bd3 Ra3 66.
Ke2 Ra5 67. Kf3 Rg5 68. Rc4 Ra5 69. Re4+ Kf6 70. Rf4+ Kg7 71. Rc4 Ra7 72. Rc6
Bf6 73. Ke4  1/2-1/2

[Event "2. BUNDESLIGA MITTE 2017/2018"]
[Site "St. Valentin, Pinggau/Villach/Taufkirchen, Fuerstenfeld, St. Veit"]
[Date "2018.04.06"]
[Round "10"]
[Board "2"]
[White "Kostic, Vladimir"]
[Black "Pierecker, Markus"]
[Result "1-0"]
[WhiteElo "2323"]
[BlackElo "2204"]
[PlyCount "53"]
[EventDate "2017.10.27"]
[EventType "team"]
[EventRounds "11"]
[EventCountry "AUT"]
[WhiteTeam "SPG Sparkasse Pinggau-Friedberg"]
[BlackTeam "SV Steyregg"]

1. e4 c5 2. Nf3 e6 3. g3 Nc6 4. Bg2 Nf6 5. d3 d5 6. Qe2 Be7 7. O-O b6 8. e5 Nd7
9. c4 d4 10. h4 h6 11. h5 Bb7 12. Na3 a6 13. Nc2 Qc7 14. Re1 b5 15. Na3 b4 16.
Nb1 a5 17. Bf4 g5 18. hxg6 fxg6 19. g4 g5 20. Bg3 O-O-O 21. Nbd2 h5 22. gxh5
Rxh5 23. Nxd4 Nxd4 24. Bxb7+ Qxb7 25. Qxh5 Nc2 26. Ne4 Nxa1 27. Rxa1  1-0

[Event "2. BUNDESLIGA MITTE 2017/2018"]
[Site "St. Valentin, Pinggau/Villach/Taufkirchen, Fuerstenfeld, St. Veit"]
[Date "2018.04.06"]
[Round "10"]
[Board "3"]
[White "Wiesinger, Robert"]
[Black "Danner, Georg"]
[Result "0-1"]
[WhiteElo "2201"]
[BlackElo "2316"]
[PlyCount "65"]
[EventDate "2017.10.27"]
[EventType "team"]
[EventRounds "11"]
[EventCountry "AUT"]
[WhiteTeam "SV Steyregg"]
[BlackTeam "SPG Sparkasse Pinggau-Friedberg"]

1. e4 c5 2. Nf3 d6 3. Bb5+ Bd7 4. Bxd7+ Nxd7 5. O-O e6 6. c3 Ngf6 7. Qe2 Be7 8.
d4 cxd4 9. cxd4 d5 10. e5 Ne4 11. Ne1 Qb6 12. f3 Qxd4+ 13. Be3 Qxe3+ 14. Qxe3
Bc5 15. Nc2 Bxe3+ 16. Nxe3 Nec5 17. f4 Ke7 18. Nd2 Rhc8 19. Nf3 Nd3 20. g3 Rc5
21. Rab1 a5 22. a3 Rac8 23. Nd4 g5 24. Kg2 Rc1 25. Kf3 Rxb1 26. Rxb1 Rc1 27.
Rxc1 Nxc1 28. b4 gxf4 29. gxf4 axb4 30. axb4 Na2 31. Nec2 Nc3 32. Kg4 Ne4 33.
Nb5 {0-1 nach 48 ZÃƒÂ¼gen}  0-1

[Event "2. BUNDESLIGA MITTE 2017/2018"]
[Site "St. Valentin, Pinggau/Villach/Taufkirchen, Fuerstenfeld, St. Veit"]
[Date "2018.04.06"]
[Round "10"]
[Board "4"]
[White "Schieder, Andreas"]
[Black "Meyer, Gordon"]
[Result "1-0"]
[WhiteElo "2237"]
[BlackElo "2182"]
[PlyCount "77"]
[EventDate "2017.10.27"]
[EventType "team"]
[EventRounds "11"]
[EventCountry "AUT"]
[WhiteTeam "SPG Sparkasse Pinggau-Friedberg"]
[BlackTeam "SV Steyregg"]

1. e4 c5 2. d3 g6 3. f4 Bg7 4. Nf3 d5 5. Nbd2 Nf6 6. c3 O-O 7. Be2 dxe4 8. Nxe4
Qc7 9. O-O Rd8 10. Qe1 Bf5 11. Nf2 b5 12. Nh4 Bd7 13. f5 Bc6 14. Nh3 Nbd7 15.
fxg6 hxg6 16. Ng5 Nf8 17. Bf4 Qb7 18. Be3 Rac8 19. Qf2 Rd5 20. Ne4 Ne6 21. Rad1
c4 22. Nxf6+ exf6 23. dxc4 Rxd1 24. Rxd1 bxc4 25. Bxc4 Bb5 26. Bxe6 fxe6 27.
Rd2 Qe4 28. Bxa7 g5 29. Nf3 Qb1+ 30. Qe1 Qxa2 31. b4 Qc4 32. Bc5 f5 33. Bd4
Bxd4+ 34. Rxd4 Qb3 35. Nxg5 e5 36. Qxe5 Qb1+ 37. Kf2 Re8 38. Qd5+ Kh8 39. Rh4+
 1-0

[Event "2. BUNDESLIGA MITTE 2017/2018"]
[Site "St. Valentin, Pinggau/Villach/Taufkirchen, Fuerstenfeld, St. Veit"]
[Date "2018.04.06"]
[Round "10"]
[Board "5"]
[White "Raber, Florian"]
[Black "Reinwald, Patrick"]
[Result "1-0"]
[WhiteElo "2101"]
[BlackElo "2169"]
[PlyCount "60"]
[EventDate "2017.10.27"]
[EventType "team"]
[EventRounds "11"]
[EventCountry "AUT"]
[WhiteTeam "SV Steyregg"]
[BlackTeam "SPG Sparkasse Pinggau-Friedberg"]

1. d4 Nf6 2. c4 e6 3. Nc3 Bb4 4. f3 d5 5. a3 Bxc3+ 6. bxc3 O-O 7. cxd5 exd5 8.
e3 c5 9. Bd3 Nc6 10. Ne2 Re8 11. O-O b6 12. Ng3 Be6 13. Bb5 Bd7 14. e4 cxd4 15.
cxd4 dxe4 16. Bg5 e3 17. Ne4 h6 18. Bxf6 gxf6 19. Qa4 Nb8 20. Bxd7 Nxd7 21.
Qxd7 Qxd7 22. Nxf6+ Kg7 23. Nxd7 Rad8 24. Ne5 Rxd4 25. Nc6 Ra4 26. Rfe1 Re6 27.
Nb4 f5 28. f4 a5 29. Nd5 e2 30. g3 Rc4  1-0

[Event "2. BUNDESLIGA MITTE 2017/2018"]
[Site "St. Valentin, Pinggau/Villach/Taufkirchen, Fuerstenfeld, St. Veit"]
[Date "2018.04.06"]
[Round "10"]
[Board "6"]
[White "Steiner, Peter"]
[Black "Stolz, Julius"]
[Result "0-1"]
[WhiteElo "1990"]
[BlackElo "1907"]
[PlyCount "134"]
[EventDate "2017.10.27"]
[EventType "team"]
[EventRounds "11"]
[EventCountry "AUT"]
[WhiteTeam "SPG Sparkasse Pinggau-Friedberg"]
[BlackTeam "SV Steyregg"]

1. e4 e5 2. Nf3 Nc6 3. Bb5 a6 4. Bxc6 dxc6 5. O-O Qd6 6. Na3 Be6 7. Qe2 O-O-O
8. Nc4 Bxc4 9. Qxc4 f6 10. d3 Kb8 11. Be3 Qb4 12. Qxb4 Bxb4 13. d4 exd4 14.
Nxd4 Re8 15. f3 g6 16. c3 Bd6 17. Rfe1 c5 18. Nb3 b6 19. Nd2 Ne7 20. Nc4 Nc6
21. Rad1 Rd8 22. Rd5 b5 23. Nxd6 cxd6 24. Bf4 Ne5 25. Red1 Kc7 26. b3 Rd7 27.
h3 Rhd8 28. Bg3 Kc6 29. Bh4 g5 30. Bg3 Ng6 31. Kf2 Ne7 32. R5d2 f5 33. exf5
Nxf5 34. Bh2 d5 35. g4 Nh4 36. Bg3 Ng6 37. Re1 d4 38. Re6+ Kb7 39. cxd4 Rxd4
40. Rxd4 Rxd4 41. Rd6 Rxd6 42. Bxd6 Kc6 43. Bg3 c4 44. bxc4 bxc4 45. Ke3 Kd5
46. Be1 Nf4 47. Bc3 Nxh3 48. Bf6 Kc5 49. Be7+ Kb5 50. Ke4 a5 51. Ke3 h6 52. Bf8
Nf4 53. Bxh6 Ne6 54. Bxg5 Nxg5 55. f4 Nf7 56. g5 Kc5 57. g6 Nd6 58. Kf3 Ne8 59.
Ke4 c3 60. Kd3 Kb4 61. Kc2 Kc4 62. f5 Kd4 63. Kd1 Kd3 64. Kc1 c2 65. a4 Nf6 66.
g7 Ng8 67. f6 Nxf6  0-1

[Event "2. BUNDESLIGA MITTE 2017/2018"]
[Site "St. Valentin, Pinggau/Villach/Taufkirchen, Fuerstenfeld, St. Veit"]
[Date "2018.04.06"]
[Round "10"]
[Board "1"]
[White "Menezes, Christoph"]
[Black "Riemelmoser, Franz"]
[Result "1-0"]
[WhiteElo "2404"]
[BlackElo "2346"]
[PlyCount "53"]
[EventDate "2017.10.27"]
[EventType "team"]
[EventRounds "11"]
[EventCountry "AUT"]
[WhiteTeam "UNION Ansfelden"]
[BlackTeam "ESV ASKOE Admira Villach"]

1. d4 e6 2. c4 Nf6 3. Nf3 b6 4. g3 Ba6 5. b3 b5 6. Nbd2 d6 7. Bg2 Nbd7 8. O-O
Be7 9. Ne1 Rb8 10. Nd3 Bb7 11. e4 bxc4 12. bxc4 e5 13. d5 O-O 14. Rb1 Nb6 15.
f4 Nfd7 16. Bb2 f6 17. c5 Ba6 18. Nb3 dxc5 19. Na5 Qe8 20. Nc6 Ra8 21. fxe5
Nxe5 22. Ndxe5 Bxf1 23. Nxe7+ Qxe7 24. Nc6 Qf7 25. Qxf1 Rae8 26. Rd1 Nc8 27.
Ba3  1-0

[Event "2. BUNDESLIGA MITTE 2017/2018"]
[Site "St. Valentin, Pinggau/Villach/Taufkirchen, Fuerstenfeld, St. Veit"]
[Date "2018.04.06"]
[Round "10"]
[Board "2"]
[White "Perhinig, Robert"]
[Black "Felsberger, Alfred"]
[Result "1/2-1/2"]
[WhiteElo "2264"]
[BlackElo "2336"]
[PlyCount "61"]
[EventDate "2017.10.27"]
[EventType "team"]
[EventRounds "11"]
[EventCountry "AUT"]
[WhiteTeam "ESV ASKOE Admira Villach"]
[BlackTeam "UNION Ansfelden"]

1. d4 Nf6 2. Bg5 d5 3. e3 c6 4. Nf3 Qb6 5. Qc1 Nbd7 6. Be2 h6 7. Bh4 g5 8. Bg3
Ne4 9. Nbd2 h5 10. h3 Nxg3 11. fxg3 Bh6 12. g4 hxg4 13. hxg4 f6 14. Nf1 Nf8 15.
N3d2 e5 16. c3 Qc7 17. Qc2 Bd7 18. O-O-O O-O-O 19. dxe5 fxe5 20. Ng3 e4 21.
Ndf1 Qe5 22. Qa4 Kb8 23. Qd4 Ng6 24. Nf5 Bg7 25. N1g3 Bxf5 26. Nxf5 Bf6 27.
Qxe5+ Bxe5 28. Rh5 Bf6 29. Rdh1 Nh4 30. Nxh4 Rxh5 31. gxh5  1/2-1/2

[Event "2. BUNDESLIGA MITTE 2017/2018"]
[Site "St. Valentin, Pinggau/Villach/Taufkirchen, Fuerstenfeld, St. Veit"]
[Date "2018.04.06"]
[Round "10"]
[Board "3"]
[White "Weiss, Christian"]
[Black "Heindl, Matthias"]
[Result "1/2-1/2"]
[WhiteElo "2378"]
[BlackElo "2180"]
[PlyCount "101"]
[EventDate "2017.10.27"]
[EventType "team"]
[EventRounds "11"]
[EventCountry "AUT"]
[WhiteTeam "UNION Ansfelden"]
[BlackTeam "ESV ASKOE Admira Villach"]

1. d4 Nf6 2. g3 g6 3. Bg2 d5 4. Nf3 Bg7 5. O-O O-O 6. Nbd2 c5 7. dxc5 Na6 8.
Nb3 e6 9. c3 Ne4 10. Be3 Qe7 11. Nfd2 Nexc5 12. Nxc5 Nxc5 13. Nb3 b6 14. Bd4
Bb7 15. Bxg7 Kxg7 16. Qd2 Rfd8 17. Rad1 Rd7 18. f4 Rad8 19. Qe3 f6 20. g4 a5
21. g5 fxg5 22. fxg5 e5 23. Rf6 Nxb3 24. axb3 d4 25. cxd4 Bxg2 26. Kxg2 exd4
27. Qxe7+ Rxe7 28. Rd2 b5 29. Ra6 Rd5 30. h4 b4 31. Kf2 h6 32. gxh6+ Kxh6 33.
Rd3 Rf5+ 34. Kg3 Kh5 35. Rxd4 Re3+ 36. Kg2 Rxe2+ 37. Kg3 Re3+ 38. Kg2 Rxb3 39.
Rd2 Kxh4 40. Rxg6 Rg5+ 41. Rxg5 Kxg5 42. Kf2 Kf4 43. Ke1 Ke4 44. Rh2 a4 45. Kd1
Rd3+ 46. Kc1 Rd4 47. Kb1 Kd3 48. Rh3+ Kc4 49. Ka2 Rg4 50. Rf3 Rd4 51. Rh3
 1/2-1/2

[Event "2. BUNDESLIGA MITTE 2017/2018"]
[Site "St. Valentin, Pinggau/Villach/Taufkirchen, Fuerstenfeld, St. Veit"]
[Date "2018.04.06"]
[Round "10"]
[Board "4"]
[White "Frank, Paul"]
[Black "Moser, Guenter"]
[Result "0-1"]
[WhiteElo "2217"]
[BlackElo "2301"]
[PlyCount "116"]
[EventDate "2017.10.27"]
[EventType "team"]
[EventRounds "11"]
[EventCountry "AUT"]
[WhiteTeam "ESV ASKOE Admira Villach"]
[BlackTeam "UNION Ansfelden"]

1. Nf3 f5 2. g3 Nf6 3. Bg2 d6 4. d4 g6 5. b3 Bg7 6. Bb2 c6 7. O-O O-O 8. c4 Na6
9. Nbd2 Bd7 10. Qc2 Rc8 11. Rad1 Nc7 12. Rfe1 d5 13. Ne5 Be8 14. f3 Ne6 15. Qd3
Nd7 16. f4 Nf6 17. Ndf3 Qa5 18. Bc3 Qd8 19. Bb4 a5 20. Ba3 Ra8 21. Rb1 Ne4 22.
Rec1 Kh8 23. e3 Kg8 24. Rc2 Kh8 25. Bf1 Bf6 26. g4 fxg4 27. Nxg4 Bg7 28. Nge5
Nd6 29. Bh3 Nf5 30. Rg2 b5 31. Kh1 b4 32. Bb2 a4 33. Rbg1 axb3 34. axb3 Ra2 35.
Qb1 Qa8 36. Qe1 Qb7 37. Nh4 Nxh4 38. Qxh4 Bf6 39. Qh6 Bg7 40. Qh4 Bf6 41. Qe1
Ng7 42. Nd3 dxc4 43. Qxb4 Qxb4 44. Nxb4 Ra8 45. bxc4 Ra4 46. Nd3 Rxc4 47. Re2
Nf5 48. Ra1 Bf7 49. Bg2 Rb8 50. Ne5 Bxe5 51. dxe5 Kg8 52. Kg1 Be6 53. Kf2 c5
54. Ra6 Kf7 55. Rd2 Ng7 56. Bf1 Rcb4 57. Ba3 Rb1 58. Bxc5 Rxf1+  0-1

[Event "2. BUNDESLIGA MITTE 2017/2018"]
[Site "St. Valentin, Pinggau/Villach/Taufkirchen, Fuerstenfeld, St. Veit"]
[Date "2018.04.06"]
[Round "10"]
[Board "5"]
[White "Knoll, Hermann"]
[Black "Frank, Dieter"]
[Result "1-0"]
[WhiteElo "2333"]
[BlackElo "2185"]
[PlyCount "53"]
[EventDate "2017.10.27"]
[EventType "team"]
[EventRounds "11"]
[EventCountry "AUT"]
[WhiteTeam "UNION Ansfelden"]
[BlackTeam "ESV ASKOE Admira Villach"]

1. d4 Nf6 2. Nf3 d5 3. c4 e6 4. Nc3 Bb4 5. Qa4+ Nc6 6. Bg5 O-O 7. e3 h6 8. Bh4
Re8 9. Be2 Bd7 10. Qc2 Be7 11. O-O dxc4 12. Bxc4 Nb4 13. Qe2 Nfd5 14. Bg3 c5
15. e4 Nxc3 16. bxc3 Nc6 17. Rfd1 Qc8 18. Rac1 Na5 19. Bd3 Ba4 20. Rf1 b6 21.
Ne5 Qd8 22. Qh5 Rf8 23. d5 Bf6 24. Ng4 exd5 25. e5 Be7 26. Nxh6+ gxh6 27. Qf5
 1-0

[Event "2. BUNDESLIGA MITTE 2017/2018"]
[Site "St. Valentin, Pinggau/Villach/Taufkirchen, Fuerstenfeld, St. Veit"]
[Date "2018.04.06"]
[Round "10"]
[Board "6"]
[White "Holzmann, Joerg"]
[Black "Mostbauer, Florian"]
[Result "1/2-1/2"]
[WhiteElo "2189"]
[BlackElo "2307"]
[PlyCount "41"]
[EventDate "2017.10.27"]
[EventType "team"]
[EventRounds "11"]
[EventCountry "AUT"]
[WhiteTeam "ESV ASKOE Admira Villach"]
[BlackTeam "UNION Ansfelden"]

1. e4 c6 2. d4 d5 3. Nc3 dxe4 4. Nxe4 Nd7 5. Ng5 Ngf6 6. Bd3 e6 7. N1f3 Bd6 8.
Qe2 h6 9. Ne4 Nxe4 10. Qxe4 Nf6 11. Qe2 Qc7 12. Bd2 b6 13. O-O-O Bb7 14. Kb1
O-O-O 15. h3 Kb8 16. Rhe1 Ka8 17. g3 Rhe8 18. Bc3 Nd5 19. Bd2 Nf6 20. Bc3 Nd5
21. Bd2  1/2-1/2

[Event "2. BUNDESLIGA MITTE 2017/2018"]
[Site "St. Valentin, Pinggau/Villach/Taufkirchen, Fuerstenfeld, St. Veit"]
[Date "2018.04.06"]
[Round "10"]
[Board "1"]
[White "Gonda, Laszlo"]
[Black "Berczes, David"]
[Result "1/2-1/2"]
[WhiteElo "2510"]
[BlackElo "2499"]
[PlyCount "47"]
[EventDate "2017.10.27"]
[EventType "team"]
[EventRounds "11"]
[EventCountry "AUT"]
[WhiteTeam "ASK St. Valentin"]
[BlackTeam "Leoben"]

1. c4 c5 2. Nf3 Nc6 3. Nc3 g6 4. e3 Nf6 5. d4 cxd4 6. exd4 d5 7. cxd5 Nxd5 8.
Qb3 e6 9. Bb5 Bg7 10. Bg5 Qb6 11. Qa3 f6 12. Nxd5 exd5 13. Bxc6+ bxc6 14. O-O
Kf7 15. Rfe1 Bf8 16. Qe3 fxg5 17. Qe8+ Kg7 18. Re7+ Bxe7 19. Qxe7+ Kg8 20. Qe8+
Kg7 21. Qe7+ Kg8 22. Qe8+ Kg7 23. Qe7+ Kg8 24. Qe8+  1/2-1/2

[Event "2. BUNDESLIGA MITTE 2017/2018"]
[Site "St. Valentin, Pinggau/Villach/Taufkirchen, Fuerstenfeld, St. Veit"]
[Date "2018.04.06"]
[Round "10"]
[Board "2"]
[White "Baumegger, Siegfried"]
[Black "Flumbort, Andras"]
[Result "1/2-1/2"]
[WhiteElo "2443"]
[BlackElo "2429"]
[PlyCount "60"]
[EventDate "2017.10.27"]
[EventType "team"]
[EventRounds "11"]
[EventCountry "AUT"]
[WhiteTeam "Leoben"]
[BlackTeam "ASK St. Valentin"]

1. c4 c5 2. Nf3 Nc6 3. Nc3 e5 4. g3 g6 5. Bg2 Bg7 6. d3 d6 7. Nd2 Nge7 8. Nf1
O-O 9. Ne3 Be6 10. Ned5 Qd7 11. h4 h5 12. Rb1 Rab8 13. a3 a6 14. b4 cxb4 15.
axb4 b5 16. cxb5 Nxd5 17. bxc6 Qxc6 18. Nxd5 Bxd5 19. Bxd5 Qxd5 20. O-O a5 21.
Bd2 axb4 22. Bxb4 Rfc8 23. Qd2 Rb5 24. Ba3 Rxb1 25. Rxb1 Ra8 26. Qb2 Qe6 27.
Qb3 d5 28. Bc5 Rc8 29. Be3 Qd7 30. Rc1 Rxc1+  1/2-1/2

[Event "2. BUNDESLIGA MITTE 2017/2018"]
[Site "St. Valentin, Pinggau/Villach/Taufkirchen, Fuerstenfeld, St. Veit"]
[Date "2018.04.06"]
[Round "10"]
[Board "3"]
[White "Sandhoefner, Florian"]
[Black "Horvath, Peter"]
[Result "1/2-1/2"]
[WhiteElo "2313"]
[BlackElo "2421"]
[PlyCount "89"]
[EventDate "2017.10.27"]
[EventType "team"]
[EventRounds "11"]
[EventCountry "AUT"]
[WhiteTeam "ASK St. Valentin"]
[BlackTeam "Leoben"]

1. d4 Nf6 2. c4 e6 3. Nc3 Bb4 4. Qc2 d5 5. cxd5 exd5 6. Bg5 h6 7. Bh4 O-O 8. e3
c5 9. dxc5 Be6 10. Nf3 Nbd7 11. a3 Bxc3+ 12. Qxc3 g5 13. Bg3 Ne4 14. Qc2 Ndxc5
15. b4 Bf5 16. Qd1 Ne6 17. Be5 a5 18. Be2 axb4 19. axb4 Rc8 20. O-O g4 21. Nd4
Nc3 22. Qd2 Nxd4 23. Bxd4 Nxe2+ 24. Qxe2 Rc4 25. f3 Qg5 26. fxg4 Rc2 27. Qd1
Qxg4 28. Qxg4+ Bxg4 29. Rf6 Kh7 30. Bc5 Rg8 31. Rxf7+ Rg7 32. Rxg7+ Kxg7 33.
Ra7 Bc8 34. h3 Kg6 35. Ra8 Bf5 36. Rg8+ Kf7 37. Rb8 Be4 38. Rxb7+ Kg6 39. Rb6+
Kh5 40. g4+ Kh4 41. Rxh6+ Kg3 42. Bd6+ Kf3 43. Rf6+ Kxe3 44. Bf4+ Kf3 45. Bd6+
 1/2-1/2

[Event "2. BUNDESLIGA MITTE 2017/2018"]
[Site "St. Valentin, Pinggau/Villach/Taufkirchen, Fuerstenfeld, St. Veit"]
[Date "2018.04.06"]
[Round "10"]
[Board "4"]
[White "Dietmayer-Kraeutler, Marco"]
[Black "Hajnal, Zoltan"]
[Result "0-1"]
[WhiteElo "2317"]
[BlackElo "2390"]
[PlyCount "60"]
[EventDate "2017.10.27"]
[EventType "team"]
[EventRounds "11"]
[EventCountry "AUT"]
[WhiteTeam "Leoben"]
[BlackTeam "ASK St. Valentin"]

1. d4 d5 2. c4 c6 3. Nc3 Nf6 4. Nf3 dxc4 5. a4 Bf5 6. e3 e6 7. Bxc4 Bb4 8. O-O
O-O 9. Qe2 Nbd7 10. e4 Bg6 11. Bd3 Bh5 12. Rd1 e5 13. Be3 Re8 14. Bc2 exd4 15.
Bxd4 Qe7 16. Re1 Bc5 17. Qe3 Ng4 18. Qd3 Nge5 19. Nxe5 Nxe5 20. Bxe5 Qxe5 21.
Qg3 Rad8 22. Qxe5 Rxe5 23. Ne2 Rd2 24. Bd1 Rxe4 25. Kf1 Rxb2 26. f3 Re6 27. a5
Bg6 28. a6 b5 29. Rc1 Bb4 30. Nc3 Bd3+  0-1

[Event "2. BUNDESLIGA MITTE 2017/2018"]
[Site "St. Valentin, Pinggau/Villach/Taufkirchen, Fuerstenfeld, St. Veit"]
[Date "2018.04.06"]
[Round "10"]
[Board "5"]
[White "Heimberger, Reinhard"]
[Black "Sandner, Wolfgang"]
[Result "0-1"]
[WhiteElo "2261"]
[BlackElo "2259"]
[PlyCount "78"]
[EventDate "2017.10.27"]
[EventType "team"]
[EventRounds "11"]
[EventCountry "AUT"]
[WhiteTeam "ASK St. Valentin"]
[BlackTeam "Leoben"]

1. d4 Nf6 2. g3 g6 3. Bg2 Bg7 4. e4 d6 5. Ne2 O-O 6. O-O e5 7. h3 Nc6 8. Be3
Bd7 9. Nbc3 exd4 10. Nxd4 Re8 11. Qd2 Nxd4 12. Bxd4 Bc6 13. Rfe1 Nd7 14. Rad1
Bxd4 15. Qxd4 Qg5 16. Nd5 Bxd5 17. exd5 a6 18. Qc3 Rxe1+ 19. Rxe1 Rc8 20. h4
Qf6 21. Bh3 Qxc3 22. bxc3 f5 23. g4 Ne5 24. Rxe5 dxe5 25. gxf5 gxf5 26. Bxf5
Rf8 27. Be6+ Kg7 28. Kg2 Rf4 29. Bc8 Rxh4 30. Bxb7 Ra4 31. c4 Kf6 32. c5 Ke7
33. Kf3 a5 34. Ba6 Rd4 35. c4 a4 36. Ke3 a3 37. Bb5 h5 38. Ba4 Rxc4 39. Bd1 h4
 0-1

[Event "2. BUNDESLIGA MITTE 2017/2018"]
[Site "St. Valentin, Pinggau/Villach/Taufkirchen, Fuerstenfeld, St. Veit"]
[Date "2018.04.06"]
[Round "10"]
[Board "6"]
[White "Koelber, Daniel"]
[Black "Casagrande, Harald"]
[Result "0-1"]
[WhiteElo "2049"]
[BlackElo "2318"]
[PlyCount "58"]
[EventDate "2017.10.27"]
[EventType "team"]
[EventRounds "11"]
[EventCountry "AUT"]
[WhiteTeam "Leoben"]
[BlackTeam "ASK St. Valentin"]

1. e4 c6 2. Nc3 d5 3. Qe2 dxe4 4. Nxe4 Bf5 5. d3 Bxe4 6. dxe4 e6 7. g4 Nd7 8.
Be3 Qa5+ 9. c3 Bc5 10. Bg2 O-O-O 11. Bf4 Ne7 12. a4 Ng6 13. Bg3 Nde5 14. b4
Bxb4 15. cxb4 Qxb4+ 16. Kf1 Rd2 17. Qe1 Qc4+ 18. Ne2 Rhd8 19. h3 Qb3 20. Nc1
Qc2 21. Ra2 Qc4+ 22. Kg1 Rd1 23. Kh2 Rxe1 24. Rxe1 Qc3 25. Rae2 Rd2 26. Re3 Qc2
27. R3e2 Rxe2 28. Nxe2 Qd2 29. Rb1 Qxe2  0-1

[Event "2. BUNDESLIGA MITTE 2017/2018"]
[Site "St. Valentin, Pinggau/Villach/Taufkirchen, Fuerstenfeld, St. Veit"]
[Date "2018.04.06"]
[Round "10"]
[Board "1"]
[White "Schnider, Gert"]
[Black "Korpa, Bence"]
[Result "1-0"]
[WhiteElo "2412"]
[BlackElo "2499"]
[PlyCount "77"]
[EventDate "2017.10.27"]
[EventType "team"]
[EventRounds "11"]
[EventCountry "AUT"]
[WhiteTeam "Schachfreunde Graz"]
[BlackTeam "SPG Fuerstenfeld/Hartberg"]

1. e4 c5 2. Nf3 e6 3. d4 cxd4 4. Nxd4 a6 5. c4 Nf6 6. Nc3 Qc7 7. Be2 b6 8. O-O
Bb7 9. f3 Be7 10. Be3 d6 11. Qd2 O-O 12. Rfc1 Rc8 13. a4 Qd8 14. Nd1 Nbd7 15.
a5 d5 16. exd5 exd5 17. Nf5 Bf8 18. axb6 Nxb6 19. c5 Nbd7 20. b4 Ne5 21. Bf4
Nfd7 22. Bg5 f6 23. Be3 Nb8 24. Nc3 Qd7 25. Nd4 Qf7 26. Na4 Nbd7 27. Nb3 Nc6
28. Rd1 Rd8 29. Nd4 Re8 30. Bf2 Nde5 31. Nb6 Ra7 32. Nxc6 Bxc6 33. Bxa6 Qg6 34.
Bg3 Kh8 35. Qd4 Rc7 36. f4 Ng4 37. f5 Qxf5 38. Bxc7 Re4 39. Bd3  1-0